| 000 | 01045nab a22003497a 4500 | ||
|---|---|---|---|
| 003 | AR-RoUNA | ||
| 005 | 20260408062818.0 | ||
| 008 | 170315b xxub|||| |||| 00| 0 spa d | ||
| 022 | _a18523897 | ||
| 040 |
_aAR-RoUNA _bspa |
||
| 041 | _aspa | ||
| 044 | _aag | ||
| 245 | _aBio | ||
| 300 |
_a[s.n] : _bfot. byn. _bplantas _c28x19 cm |
||
| 600 |
_aMendoza Casacuberta, M. _99289 |
||
| 600 |
_aMarchetti, J. M. _99290 |
||
| 600 |
_aArjol, E. F _99291 |
||
| 600 |
_aBrambilla, M. A _99292 |
||
| 600 |
_aVillalba ,Juan Manuel _99293 |
||
| 600 |
_9583 _aFernandez de Luco, Manuel |
||
| 600 |
_aKolic, D _99294 |
||
| 600 |
_aDanta Seta, F. _99295 |
||
| 650 |
_aEdificios _9227 |
||
| 651 | 0 |
_aRosario (Santa Fe, Argentina) _91246 |
|
| 653 | _aEdificio de la Ingenieria y la Industria | ||
| 773 | 0 |
_aBio : Boletin informativo de obras _dRosario, Bio 1979 _gAño 4 Nº18 (mar. 1979), p.[s.n] _x18523897 |
|
| 856 | _uwww.revistabioonline.com.ar | ||
| 908 | _aImp | ||
| 942 |
_2udc _cART |
||
| 945 |
_aGOG _d2017-10-18 |
||
| 999 |
_c7862 _d7862 |
||
| 980 |
_8 _gCRON CRON |
||